|
|
|
|
| LEADER |
01518cam a2200325 i 4500 |
| 001 |
1302820 |
| 003 |
GR-PaULI |
| 005 |
20210117210918.0 |
| 008 |
770324s1977 nyua b 101 0 eng |
| 952 |
|
|
|0 0
|1 0
|2 ddc
|4 0
|6 Π_Σ_612_015000000000000_77_NAT
|7 0
|9 232752
|a LISP
|b LISP
|c REF
|d 2019-06-06
|i 07626
|l 0
|o Π/Σ 612.015 77 NAT
|p 025000113652
|r 2019-06-06 00:00:00
|t 1
|v 2019.00
|w 2019-06-06
|y BKN
|
| 999 |
|
|
|c 141319
|d 141319
|
| 010 |
|
|
|a 77005364
|
| 020 |
|
|
|a 0306356139
|
| 040 |
|
|
|a DLC
|c GR-PaULI
|d
|b gre
|e AACR2
|
| 082 |
0 |
0 |
|a 612.015 77
|2 23
|
| 111 |
|
|
|a NATO Advanced Study Institute on Advances in Prostaglandins
|d (1976 :
|c Erice, Italy)
|9 176006
|
| 245 |
1 |
0 |
|a Prostaglandins and thromboxanes /
|b
|c edited by F. Berti, B. Samuelsson, and G. P. Velo.
|
| 260 |
|
|
|a New York :
|b Plenum Press,
|c c1977.
|
| 300 |
|
|
|a ix, 449 σ.:
|b εικ. ;
|c 26 εκ.
|
| 490 |
1 |
|
|a Nato advanced study institutes series : Series A, Life sciences
|v 13.
|
| 504 |
|
|
|a Περιλαμβάνει βιβλιογραφικές παραπομπές και ευρετήριο.
|
| 650 |
|
0 |
|a Prostaglandins
|x Congresses.
|
| 650 |
|
0 |
|a Προσταγλανδίνες
|9 176007
|
| 650 |
|
0 |
|a Thromboxanes
|x Congresses.
|
| 700 |
1 |
|
|a Berti, F.
|q (Ferruccio)
|9 176004
|e επιμελητής.
|
| 700 |
1 |
|
|a Samuelsson, Bengt
|9 140505
|e επιμελητής.
|
| 700 |
1 |
|
|a Velo, G. P.
|q (Giampaolo P.)
|9 176005
|e επιμελητής.
|
| 830 |
|
0 |
|a NATO ASI series.
|n Series A.
|p Life Sciences
|v 13.
|9 162711
|
| 942 |
|
|
|2 ddc
|c BKN
|
| 998 |
|
|
|c ΜΠΟΥΡΑΣ
|d 2019-06
|